00473nam a22001577a 450000500170000001000150001702000120003203500140004403700130005808200080007110000340007924500590011326000460017227000760021830000210029420230912103253.0 aENG-137837 c1199.00 aEN-121369 bDBAD/PUB a338 aReddy,Sabbella Sivannarayana  aEast Godavari Yatra /cby Sabbella Sivannarayana Reddy aKakinadabShri Vinayak Publication c2013 a Sudhita Book Centre ,Opp. Super Bazar Main RoadbKakinadak9848095060 a183p.c28cm(hbk)